Bài thực hành Access XP : Hệ thống quản lý kết quả kiểm tra học kỳ /

Shranjeno v:
Bibliografske podrobnosti
Glavni avtor: Võ Văn Viện
Format: Sách giấy
Jezik:Vietnamese
Izdano: H. : Thống kê, 2004
Teme:
Oznake: Označite
Brez oznak, prvi označite!
Thư viện lưu trữ: Thư viện Trường Đại học Đà Lạt
LEADER 00748nam a2200289 4500
001 DLU050048601
005 ##20050929
040 # # |a DLU  |b vie 
041 # # |a vie 
044 # # |a vn 
082 # # |a 005.756 5  |b VO-V 
100 # # |a Võ Văn Viện 
245 # # |a Bài thực hành Access XP :  |b Hệ thống quản lý kết quả kiểm tra học kỳ /  |c Võ Văn Viện 
260 # # |a H. :  |b Thống kê,  |c 2004 
300 # # |a 426 tr. :  |b minh hoạ ;  |c 21 cm 
653 # # |a Phần mềm Access 
653 # # |a Tin học văn phòng 
923 # # |a 39/2005 
992 # # |a 44.000 
994 # # |a DLU 
900 # # |a True 
911 # # |a Đào Thị Thu Huyền 
925 # # |a G 
926 # # |a A 
927 # # |a SH 
980 # # |a Thư viện Trường Đại học Đà Lạt